| Поле | Название | Значение |
| |
Тип записи |
a |
| |
Библиографический уровень |
m |
| 001 |
Контрольный номер |
RU\NLR\BIBL_A\011299102 |
| 005 |
Дата корректировки |
20201206205124.3 |
| 010 |
Индекс ISBN |
__ |
| a |
ISBN |
978-5-496-02118-0 (в пер.) |
| d |
Цена |
1471-40 |
| 100 |
Данные общей обработки |
__ |
| a |
Данные общей обработки |
19180313d2017||||||| 0rusy0189 ca |
| 101 |
Язык документа |
0_ |
| a |
Язык текста |
rus |
| 102 |
Страна публикации |
__ |
| a |
Страна публикации |
RU| |
| 102 |
Страна публикации |
__ |
| a |
Страна публикации |
RU |
| 105 |
Кодированные данные (монография) |
__ |
| a |
Кодированные данные (монография) |
a|||||||000zy |
| 200 |
Заглавие и сведения об ответственности |
1_ |
| a |
Заглавие |
Виктимология. Психология поведения жертвы |
| f |
Первые сведения об ответственности |
И. Малкина-Пых |
| b |
Общее обозначение материала |
Текст |
| 210 |
Выходные данные |
__ |
| a |
Место издания |
Санкт-Петербург [и др.] |
| c |
Издательство |
Питер |
| d |
Дата издания |
2017 |
| 215 |
Физическое описание |
__ |
| a |
Объем |
831 с. |
| c |
Иллюстрации/тип воспроизводства |
ил. |
| d |
Формат |
22 см |
| 225 |
Серия |
__ |
| a |
Серия |
Учебное пособие |
| 320 |
Библиография |
__ |
| a |
Библиография |
Библиография: с. 808-831 |
| 330 |
Аннотация |
__ |
| a |
Аннотация |
Рассмотрены предмет, история и перспективы виктимологии, а также существующие виды и формы насилия. Особое внимание уделяется анализу формирования повышенной виктимности личности, или "феномена жертвы". Также рассмотрены различные ситуации, попадая в которые человек становится жертвой, а именно: криминальные преступления; такие специфические виды насилия, как насилие над детьми, семейное насилие, сексуальное насилие (изнасилование), школьное насилие и насилие на рабочем месте. Проанализирована виктимология аддиктивного поведения. Описаны подходы к индивидуальному консультированию в каждом из указанных случаев, а также групповые формы работы в виде тренингов. Издание адресовано практикующим психологам и психотерапевтам, работающим с латентными или реализованными жертвами различных обстоятельств. Книга ценна прежде всего подборкой техник, которые специалист может использовать в практической работе. |
| 517 |
Другие варианты заглавия |
__ |
| a |
Другие варианты заглавия |
Психология поведения жертвы |
| 606 |
Тематические рубрики |
__ |
| a |
Основная рубрика |
Психология |
| 606 |
Тематические рубрики |
__ |
| a |
Основная рубрика |
Юридическая психология |
| 606 |
Тематические рубрики |
__ |
| a |
Основная рубрика |
Право |
| 606 |
Тематические рубрики |
__ |
| a |
Основная рубрика |
Криминология |
| 610 |
Ключевые слова |
__ |
| a |
Ключевые слова |
виктимность |
| a |
Ключевые слова |
виктимология |
| a |
Ключевые слова |
виктимология насилия |
| a |
Ключевые слова |
домашнее насилие |
| a |
Ключевые слова |
жертвы |
| a |
Ключевые слова |
жертвы насилия |
| a |
Ключевые слова |
изнасилование |
| a |
Ключевые слова |
криминальная виктимология |
| a |
Ключевые слова |
криминологические характеристики |
| a |
Ключевые слова |
моббинг |
| a |
Ключевые слова |
насилие |
| a |
Ключевые слова |
насилие над детьми |
| a |
Ключевые слова |
насилие над женщинами |
| a |
Ключевые слова |
потерпевшие |
| a |
Ключевые слова |
психологические тренинги |
| a |
Ключевые слова |
психологическое консультирование |
| a |
Ключевые слова |
психология жертвы |
| a |
Ключевые слова |
психология насилия |
| a |
Ключевые слова |
психология потерпевшего |
| a |
Ключевые слова |
психотерапия |
| a |
Ключевые слова |
психотерапия жертв насилия |
| a |
Ключевые слова |
семейное насилие |
| a |
Ключевые слова |
тренинги |
| 686 |
Индексы других классификаций |
__ |
| 2 |
Код системы |
rubbks |
| a |
Классификационный индекс |
88.573.22я73 |
| 686 |
Индексы других классификаций |
__ |
| 2 |
Код системы |
rubbks |
| a |
Классификационный индекс |
67.515я73 |
| 700 |
Автор |
_1 |
| a |
Фамилия |
Малкина-Пых |
| b |
Имя |
И. Г. |
| g |
Полное личное имя |
Ирина Германовна |
| 4 |
Код отношения |
070 |
| 801 |
Источник записи |
_0 |
| a |
Страна |
RU |
| b |
Организация |
NLR |
| c |
Дата составления |
20180313 |
| g |
Правила каталогизации |
RCR |
| 801 |
Источник записи |
_2 |
| a |
Страна |
RU |
| b |
Организация |
Муниципальное бюджетное учреждение культуры "Централизованная библиотечная система" г. Сургут (Центральная городская библиотека им. А. С. Пушкина) |
| c |
Дата составления |
20180313 |
| 852 |
Данные о местонахождении |
__ |
| j |
Шифр хранения |
88.573.22я73 |
| i |
Авторский знак |
М 19 |
| 901 |
Тип документа |
__ |
| t |
Тип документа |
m |
| a |
Ответственный |
КиК/Котельникова |
| 903 |
Характеристики (МАРС) |
__ |
| a |
Дата передачи |
20180313 |
| 969 |
Тип издания |
__ |
| a |
Тип издания |
учебное пособие |
| 990 |
Данные о заказе (DOS) |
__ |
| j |
Количество экземпляров (DOS) |
4 |
| t |
N записи в КСУ для И/У (DOS) |
201804 |